| 000 | 01233cam a22002653a 4500 | ||
|---|---|---|---|
| 001 | 23393 | ||
| 003 | PGUSA | ||
| 005 | 20140828083511.0 | ||
| 008 | 071107s2007||||xxu|||||s|||||000 | eng d | ||
| 040 |
_aPGUSA _beng |
||
| 042 | _adc | ||
| 050 | 4 | _aPZ | |
| 050 | 4 | _aGR | |
| 245 | 1 | 0 |
_aJapanische Märchen _h[electronic resource] |
| 260 |
_bProject Gutenberg, _c2007 |
||
| 505 | 0 | _aJuki-onna -- Der weiße Fuchs -- Urashima Taro -- Wenn man mit Kobolden tanzt -- Neid bringt Leid -- Der schlaue Polizist -- Der Abt des Klosters Yakhusi -- List geht über Gewalt -- Die Kröte von Osaka und die von Kyoto -- Der Affe und der Sake -- Die Auster -- Der Sperling mit abgeschnittener Zunge -- Die geplagte Krabbe -- Der kluge Hase -- Maorigashima -- Der Hase und der Dachs -- Schlauheit schützt nicht vor Täuschung -- Der bedächtige Reiher -- Belohnte -- Kindesliebe -- Der bestrafte Tierquäler -- Rai-taro -- Hotaru -- Horaisan -- Die Wünsche des Steinhauers | |
| 506 | _aPublic domain in the USA. | ||
| 516 | _aElectronic text | ||
| 653 | _aFolklore -- Japan | ||
| 653 | _aFairy tales | ||
| 700 | 1 | _aAlberti, Karl | |
| 830 | 0 |
_aProject Gutenberg _v23393 |
|
| 856 | 4 | 0 | _uhttp://www.gutenberg.org/ebooks/23393 |
| 942 | _cEB | ||
| 999 |
_c252648 _d252648 |
||